000 00404nam a22001457a 4500
020 _a0-333-59654-4
082 _a624.15136
_bBAR
_cL-39, P-179
100 _aBranes G.E
_942474
245 _aSoil Mechanics principles and practice
_cBranes G.E
260 _bMacmillan
_cc1995
300 _aiii, p 365.
_bill.
_c25 cm
526 _a0
_b0
_c0
_d624_151360000000000_BAR
650 _aMCE
_9379
942 _2ddc
_cBK
999 _c546355
_d546355